Văn bản mới hướng dẫn thực hiện quy chế quản lý đầu tư và xây dựng.
Cuốn sách giới thiệu những Nghị định, quyết định, thông tư của Chính phủ về Quy chế quản lý đầu tư và xây dựng. Nghị định số 12/2000/NĐ-CP về sửa đổi, bổ sung một số điều của Quy chế ban hành kèm theo NĐ số 52/1999/NĐ-CP.
Kaydedildi:
| Materyal Türü: | Kitap |
|---|---|
| Dil: | Vietnamese |
| Baskı/Yayın Bilgisi: |
Hà Nội :
Xây dựng,
2000.
|
| Konular: | |
| Etiketler: |
Etiketle
Etiket eklenmemiş, İlk siz ekleyin!
|
| Thư viện lưu trữ: | Mạng thư viện Đại học Đà Nẵng |
|---|
| LEADER | 01208cam a2200349 i 4500 | ||
|---|---|---|---|
| 001 | 000046985 | ||
| 003 | 6503 | ||
| 005 | 20030923135704.0 | ||
| 008 | 010302b2000 vm 000 vie | ||
| 020 | |c 55000 | ||
| 022 | |a T | ||
| 040 | |a IRC |c IRC |d IRC | ||
| 041 | 0 | |a vie | |
| 082 | 1 | 4 | |a 343.959707 |b Vă-B |
| 245 | 0 | 0 | |a Văn bản mới hướng dẫn thực hiện quy chế quản lý đầu tư và xây dựng. |
| 260 | |a Hà Nội : |b Xây dựng, |c 2000. | ||
| 300 | |a 483tr. ; |c 21cm. | ||
| 520 | 3 | |a Cuốn sách giới thiệu những Nghị định, quyết định, thông tư của Chính phủ về Quy chế quản lý đầu tư và xây dựng. Nghị định số 12/2000/NĐ-CP về sửa đổi, bổ sung một số điều của Quy chế ban hành kèm theo NĐ số 52/1999/NĐ-CP. | |
| 630 | 0 | 4 | |a Pháp luật. |
| 630 | 0 | 4 | |a Xây dựng. |
| 630 | 0 | 4 | |a Đầu tư. |
| 650 | 0 | 4 | |a Đầu tư và xây dựng |x Quy chế quản lý |z Việt Nam. |
| OWN | |a DUT | ||
| 999 | |a From the UDN01 | ||
| TYP | |a Monograph | ||
| TYP | |a Printed language | ||
| 980 | |a Mạng thư viện Đại học Đà Nẵng | ||